000 00481nmm a2200169Ia 4500
008 251105s9999||||xx |||||||||||||||||und||
020 _a9789587386691
041 _aspa
100 _aHourquebie, Fabrice
245 0 _aElementos sobre la justicia
264 _a[Bogotá, Colombia] :
_bUniversidad del Rosario,
_c2015
300 _a358 páginas
490 _aTextos de Jurisprudencia
650 _aLaw
856 _uhttps://public.digitaliapublishing.com/a/46543
942 _cCF
999 _c95841
_d95841